000 01075cad a22002295a 4500
001 E147276
008 090424s2009 ko f 000 0 eng d
035 _a(Sirsi) u147276
041 0 _aeng
050 0 4 _a333.33 $2 18
110 2 _aJones Lang LaSalle
_93755
245 0 0 _aEconomic insight
_bKorea, achieving rental reductions in a rigid market
_h[electronic resource]
260 _aSeoul
_bJLL
_c2009
490 0 _aOn Point
_vApril 2009
520 _aReports that occupiers of office property are seeking to reduce occupancy costs, however rents in Seoul are not falling as fast as in other neighbouring cities. Suggests that the option of moving to lower cost locations should be considered as a way of making cost savings, as well as engaging the services of a tenant representative.
521 _aAdvanced
590 _aKA
651 4 _aKorea
690 _aPROPERTY-COMMERCIAL PROPERTY-OFFICE PROPERTY-OFFICE MARKET
856 4 0 _uhttps://www.joneslanglasallekorea.co.kr/Korea/EN-GB/Pages/Research.aspx
_zbroken link at JLL no longer available
942 _n0
_2ddc
999 _c109501
_d109501